000 00716nab a2200217u 4500
001 19380
003 HDC
007 c| |||a|c|aaaa
008 210227b20070727my ||||o |||| 00| 0 eng d
040 _aHDC
245 0 _aArab visitors to Phuket up 100%
336 _atext
_2rdacontent
337 _acomputer
_2rdamedia
338 _aonline resource
_2rdacarrier
650 _aHalal requirements
_94195
650 _aPhuket Provincial Administration Organisation (PPAO)
_917827
856 _zRequest full-text at [email protected]
942 _2lcc
942 _cNEWS
942 _kNWS0 003543
999 _c16696
_d16696